=LDR 00000nam 2200000 4500 =001 NUTBA000000000000793 =005 20140402103055.0 =006 =007 =008 =035 ##$$a 0010-041400000000063 =082 ##$$a 621.815 =090 ##$$a 621.815 Sat m =100 ##$$a Sato Takesi. G =245 ##$$a Menggabar Mesin Menurut Setandar ISO =250 ##$$a Cet.11 =260 ##$$a Jakarta $b Pradnya Paramita $c 2005 =300 ##$$a xiii,267 hlm $b ilus $c 30 cm =850 ##$$a NBPNMAT =990 ##$$a 92414/BPAP-NTB/2014